000
00287nam a2200121Ia 4500
008
190216s9999||||xx |||||||||||||| ||und||
100
_a
Sadagopan G
245
0
_a
Economic Analysis
260
_b
Amuthan Pathippagam Kumbakonam
_c
1993
300
_a
340p
650
_a
Economics
942
_c
BK
999
_c
9902
_d
9902